000 00649nam a22002297a 4500
003 UA-OsUOA
001 92256
007 ta
008 20121211b un ||||| |||| 00| 0 ukr d
100 _aЯрошинська Є.
090 _a821.161.2
_bЯ76
942 _cBK
040 _aUA-OsUOA
_bukr
_cUA-OsUOA
_dUA-OsUOA
245 _aВибрані твори
300 _a425 с.
955 _a3
041 _aukr
080 _a821.161.2
260 _aК.
_bДержавне видавництво художньої літератури
_c1958
650 7 _a82 Література. Літературознавство
_2UDC
999 _c378509
_d378509